Statystyki dla Rozpoznaj Konsolę do Gier Video po Zdjęciu

Kliknij tutaj aby rozwiązać quiz!

Ogólne statystyki

  • Ten quiz został rozwiązany 111 razy
  • Średni wynik to 14 z 28

Statystyki odpowiedzi

Odpowiedź% Poprawnych
PlayStation
100%
PlayStation 2
96%
PlayStation 4
94%
Xbox
92%
Xbox One
90%
PlayStation 3
88%
Xbox 360
83%
Wii
80%
GameCube
74%
Switch
72%
Nintendo Entertainment System
58%
Nintendo 64
55%
Dreamcast
51%
Super Nintendo Entertainment System
47%
WiiU
44%
Jaguar
43%
Saturn
41%
Mega Drive
39%
Atari 2600
38%
TurboGrafx 16
28%
Master System
22%
Neo Geo
20%
3DO
18%
ColecoVision
15%
Atari 5200
14%
Atari 7800
13%
CD-i
8%
IntelliVision
5%

Rozkład punktacji

Percentyl według liczby udzielonych odpowiedzi

Procent ludzi z każdym wynikiem

Twoja historia wyników

Nie rozwiązałeś tego quizu